| 000 | 00919nam a22001697a 4500 | ||
|---|---|---|---|
| 005 | 20120215125414.0 | ||
| 020 |
_a8181466723 _c95.00 |
||
| 082 | _aक | ||
| 245 |
_aउलटा पुलटा / _cटी आर राजेश द्वारा चित्रांकित;प्रिया कृष्णन द्वारा अनुदित |
||
| 260 |
_aचैन्नई _bतूलिका पब्लिशिंग _c2009 |
||
| 270 |
_a13, पृथ्वी ऐवन्यु,अभिरमपुरम _bचैन्नई _e600018 |
||
| 300 |
_aअ.पृ _bसचित्र _c20सेमी (अजिल्द) |
||
| 700 |
_942026 _aटी आर राजेश |
||
| 700 |
_942095 _aप्रिया कृष्णन |
||
| 942 |
_2ddc _cCH _hक _mउलटापु |
||
| 999 |
_c62860 _d62860 |
||